US cities with over 3 million pop metro - Statistics

General Stats
  • This quiz has been taken 93 times
  • The average score is 16 of 18
Answer Stats
Hint Answer % Correct
12,872,322 Los Angeles
100%
19,617,869 New york
99%
9,441,957 Chicago
96%
7,340,118 Houston
95%
4,900,550 Boston
94%
7,943,685 Dallas-Fort Worth
94%
6,139,340 Miami
94%
4,579,599 San Francisco
94%
4,034,248 Seattle
93%
6,222,106 Atlanta
91%
6,241,164 Philadelphia
91%
5,015,678 Phoenix
91%
6,373,756 Washington D.C
91%
3,276,208 San Diego
90%
4,345,761 Detroit
88%
3,693,729 Minneapolis
81%
3,290,730 Tampa
75%
4,667,558 Riverside
38%
No matching quizzes found
Score Distribution
Percent of People with Each Score
Percentile by Number Answered
Your Score History
You have not taken this quiz